000 00644cam a2200181 i 4500
005 20251108171032.0
008 250721s1994 le a gr 000 0 ara d
082 1 4 _a7201
_bس ل ق
100 1 _aسلقتيني، محيي الدين
_eمؤلف.
245 1 0 _aالعمارة البيئية /
_cالدكتور محي الدين سلقيني.
250 _aالطبعة الاولى.
264 _bدار قابس للطباعه و النشر،
_c1994.
_aبيروت :
300 _a230 صفحة.
650 1 7 _aالهندسة المعمارية.
650 1 7 _aالتلوث البيئي.
942 _2ddc
_cBK
999 _c54937
_d54937